Science Quiz

Random Science or Numbers Quiz

Minute Math: Fill-in-the-Blank Addition Quiz Stats

 Plays Quiz Updated Mar 17, 2020

Support Sporcle.
Go Orange.
Score 0/50 Timer 01:00
1 Play Today
Question Answer % Correct
__ + 4 = 84
72.6%
6 + __ = 82
72.5%
2 + __ = 31
72.5%
__ + 3 = 74
72.5%
1 + __ = 98
72.5%
3 + __ = 107
72.4%
__ + 8 = 102
72.4%
__ + 7 = 92
72.4%
3 + __ = 96
72.3%
0 + __ = 11
72.4%
__ + 9 = 112
72.3%
0 + __ = 44
72.3%
0 + __ = 33
72.3%
__ + 2 = 119
72.3%
__ + 5 = 61
72.3%
__ + 7 = 103
72.3%
__ + 9 = 101
72.3%
1 + __ = 43
72.3%
3 + __ = 52
72.3%
0 + __ = 66
72.3%
7 + __ = 92
72.3%
4 + __ = 106
72.3%
__ + 6 = 82
72.3%
__ + 3 = 41
72.3%
__ + 4 = 73
72.2%
Question Answer % Correct
__ + 3 = 85
72.2%
__ + 1 = 76
72.2%
__ + 5 = 94
72.2%
__ + 6 = 93
72.2%
1 + __ = 76
72.1%
3 + __ = 41
72.1%
4 + __ = 95
72.1%
__ + 4 = 62
72.1%
7 + __ = 81
72.1%
__ + 9 = 189
72.1%
__ + 1 = 43
72.1%
1 + __ = 10
72.1%
2 + __ = 75
72.1%
5 + __ = 50
72.1%
4 + __ = 117
72%
__ + 0 = 88
72%
__ + 2 = 119
72%
6 + __ = 148
72%
__ + 8 = 157
71.9%
5 + __ = 149
71.8%
5 + __ = 138
71.8%
9 + __ = 14 5
71.7%
8 + __ = 157
71.7%
3 + __ = 129
71.7%
7 + __ = 169
71.6%

From the Vault

Author by Character

by BookishGirl98

We're pretty sure Huckleberry Finn wasn't in Middle-earth at any point, but that's the only hint we're giving you.
Remove Ads.
Support Sporcle.
Get the best of Sporcle when you Go Orange. This ad-free experience offers more features, more stats, and more fun while also helping to support Sporcle. Thank you for becoming a member.

Show Comments

Extras

Top Quizzes Today


Score Distribution

Your Account Isn't Verified!

In order to create a playlist on Sporcle, you need to verify the email address you used during registration. Go to your Sporcle Settings to finish the process.

Report this User

Report this user for behavior that violates our Community Guidelines.

Details: